000 00726nam a2200217Ia 4500
005 20211111081629.0
008 130821s2010 xxuab gr spa
020 _a9780307476050
040 _aCo-BoUCM
_bspa
_cJose A. Gerena (modificó)
_d[Nuevo]
041 0 0 _aspa
100 1 _aAllende, Isabel
_9966
245 1 3 _aLa isla bajo el mar
_cIsabel Allende
260 _aNueva York (Estados Unidos)
_bVintage Español
_c2010
300 _a510 páginas
_bmapas
650 0 4 _aLiteratura chilena
_918625
650 0 4 _aLiteratura latinoamericana
_918700
650 0 4 _aNovela chilena
_920481
650 0 4 _aNovela histórica
_920514
942 _cLIBRO
_a18
_e1
_kCH
_mA425vin
_2DEWEY
_h863.44
999 _c66633
_d66633